000 00244nam a22001217a 4500
008 180926b xxu||||| |||| 00| 0 eng d
041 _aeng
080 _a210
100 _a25
101 _aTEO
245 _aMecca
_cStewart.D
942 _2udc
_cBK
999 _c48489
_d48489